[Event "BL 2018-19"]
[Site "Berlin"]
[Date "2019.04.06"]
[Round "14.11"]
[White "Bluebaum, Matthias"]
[Black "Stark, Lars"]
[Result "1-0"]
[WhiteElo "2620"]
[BlackElo "2359"]
[Annotator "TA"]
[PlyCount "75"]
[EventDate "2018.11.10"]
[EventType "team-tourn"]
[EventCountry "GER"]
[SourceTitle "playchess.com"]
[Source "ChessBase"]
[SourceQuality "1"]
[WhiteTeam "SF Deizisau"]
[BlackTeam "Duesseldorf"]

{[%evp 24,75,31,39,37,30,25,32,46,38,38,38,38,40,71,70,76,79,115,109,107,107,133,137,127,128,127,127,128,134,147,141,133,137,220,220,208,194,179,173,309,283,358,364,410,385,383,352,350,340,762,779,763,755]} 1. d4 Nf6 2. c4 e6 3. Nc3 Bb4 4. e3 O-O 5. Bd2 b6 6. Nf3 Bb7 7. Bd3 d5 8. cxd5 exd5 9. Rc1 {E52: Nimzo-Indian: Rubinstein: 4...0-0 5 Nf3 d5 6 Bd3 b6} a6 10. O-O Nbd7 11. Ne5 Nxe5 12. dxe5 Nd7 13. f4 {LiveBook: 5 Games} Nc5 14. Bc2 (14. Bb1 d4 15. Ne2 Qd5 16. Rf2 Bxd2 17. Qxd2 {1-0 (40) Yu,Y (2764)-Vaibhav,S (2590) Caleta 2019}) 14... d4 15. Na4 Bxd2 16. Qxd2 $40 {[%mdl 128] White attacks.} d3 $146 ({Predecessor:} 16... Nxa4 17. Bxa4 dxe3 18. Qxe3 {1-0 (40) Sandipan,C (2535)-Stark,L (2374) Tegernsee 2018}) 17. Nxc5 dxc2 18. Qxd8 Rfxd8 19. Nxb7 Rd2 20. h4 Rb8 {[#]} 21. Kh2 $1 Rxb7 $16 {[%mdl 4096] Endgame KRR-KRR} 22. Kg3 c5 23. Rf2 Rbd7 24. Rxc2 R2d3 25. Kf3 h5 26. Rfe2 Kf8 27. g4 hxg4+ 28. Kxg4 g6 (28... Rc7 $16 29. Kf3 Rc6) 29. h5 $18 gxh5+ 30. Kxh5 Ke7 31. Kg4 Rd1 (31... f6 $142) 32. Kf5 Rc7 33. Rh2 Rc6 34. Rh7 Rg1 35. Rd2 {[#] Strongly threatening Rh8.} Rg8 36. Ke4 c4 $2 (36... Rcg6 37. b3 a5) 37. f5 b5 38. e6 {Precision: White = 98%, Black = 46%.} 1-0

[Event "BL 2018-19"]
[Site "Berlin"]
[Date "2019.04.06"]
[Round "14.12"]
[White "Jakubiec, Artur"]
[Black "Sprenger, Jan Michael"]
[Result "0-1"]
[WhiteElo "2508"]
[BlackElo "2490"]
[Annotator "RC"]
[PlyCount "58"]
[EventDate "2018.11.10"]
[EventType "team-tourn"]
[EventCountry "GER"]
[SourceTitle "playchess.com"]
[Source "ChessBase"]
[SourceQuality "1"]
[WhiteTeam "Kiel"]
[BlackTeam "SF Berlin"]
[TimeControl "40/6000+30:3000+30"]

1. f4 {[%emt 0:00:00]} d5 {[%emt 0:03:13]} 2. Nf3 {[%emt 0:00:00]} g6 {[%emt 0:00:47]} 3. g3 {[%emt 0:00:06]} Bg7 {[%emt 0:00:05]} 4. Bg2 {[%emt 0:00:03]} Nh6 {[%emt 0:03:28]} 5. Nc3 {[%emt 0:01:37]} d4 {[%emt 0:07:18]} 6. Ne4 {[%emt 0:03:11]} Nf5 {[%emt 0:00:12]} 7. c3 {[%emt 0:01:42]} O-O {[%emt 0:06:09]} 8. cxd4 {[%emt 0:02:10]} Nxd4 {[%emt 0:01:00]} 9. Nxd4 {[%emt 0:00:49]} Qxd4 {[%emt 0:00:08]} 10. e3 {[%emt 0:00:35]} Qb6 {[%emt 0:02:05]} 11. d4 {[%emt 0:05:51]} Na6 {[%emt 0:03:52]} 12. O-O {[%emt 0:07:57]} c5 {[%emt 0:01:15]} 13. d5 {[%emt 0:00:09]} c4 {[%emt 0:03:46]} 14. Qe2 {[%emt 0:08:00]} Bd7 {[%emt 0:03:30]} 15. Bd2 {[%emt 0:10:09]} Qxb2 {[%emt 0:05:24]} 16. Rab1 {[%emt 0:07:44]} Qxa2 {[%emt 0:00:59]} 17. g4 {[%emt 0:13:21]} f5 {[%emt 0:13:31]} 18. Rxb7 {[%emt 0:06:58]} fxe4 {[%emt 0:10:39]} 19. Rxd7 {[%emt 0:00:25]} c3 {[%emt 0:03:30]} 20. d6 {[%emt 0:00:10]} Nc5 {[%emt 0:07:24]} 21. Rc7 {[%emt 0:08:09]} Rac8 {[%emt 0:04:37]} 22. Qb5 {[%emt 0:16:48]} Qxd2 {[%emt 0:03:54]} 23. Qxc5 {[%emt 0:00:06]} exd6 {[%emt 0:00:17]} 24. Qxa7 {[%emt 0:00:27]} Rxc7 {[%emt 0:01:10]} 25. Qxc7 {[%emt 0:00:04]} d5 {[%emt 0:05:04]} 26. Qc5 {[%emt 0:02:38]} d4 {[%emt 0:02:46]} 27. f5 {[%emt 0:06:43]} dxe3 {[%emt 0:06:50]} 28. f6 {[%emt 0:05:12]} e2 {[%emt 0:03:43]} 29. Qc4+ {[%emt 0:01:40]} Rf7 {[%emt 0:00:08]} 0-1

[Event "BL 2018-19"]
[Site "Berlin"]
[Date "2019.04.06"]
[Round "14.12"]
[White "Coenen, Michael"]
[Black "Meier, Georg"]
[Result "0-1"]
[WhiteElo "2364"]
[BlackElo "2622"]
[Annotator "TA"]
[PlyCount "115"]
[EventDate "2018.11.10"]
[EventType "team-tourn"]
[EventCountry "GER"]
[SourceTitle "playchess.com"]
[Source "ChessBase"]
[SourceQuality "1"]
[WhiteTeam "Duesseldorf"]
[BlackTeam "SF Deizisau"]

{[%evp 13,115,28,28,14,32,15,8,0,9,0,0,0,0,0,2,3,20,0,1,8,7,0,0,0,0,0,0,-10,0,-7,-3,-3,-4,-4,-5,-9,-9,-21,-16,-20,-20,-23,-4,-10,0,-21,-21,-22,-21,-38,-21,-32,-32,-71,-56,-151,-134,-205,-135,-143,-130,-145,-124,-248,-273,-261,-277,-226,-204,-458,-453,-403,-397,-378,-341,-632,-625,-545,-514,-1123,-1071,-1133,-894,-1635,-1253,-5767,-5709,-5632,-5291,-29973,-29974,-29974,-29975,-29978,-29979,-29979,-29980,-29980,-29981,-29982,-29983,-29983,-29983,-29984]} 1. e4 e6 2. d4 d5 3. Nc3 Nf6 4. Bg5 dxe4 5. Nxe4 Nbd7 6. Nf3 h6 7. Nxf6+ Nxf6 8. Bf4 {C10: French with 3 Nc3: Unusual Black 3rd moves and 3...dxe4} (8. Be3 Bd6 9. Bd3 b6 10. Qe2 Bb7 11. O-O-O Nd5 12. c4 Nxe3 13. fxe3 Qe7 14. e4 e5 15. c5 bxc5 16. dxe5 Bxe5 {1-0 (66) Aronian,L (2764)-Kramnik,V (2792) Paris 2018}) 8... c5 9. c3 Qb6 10. Qb3 $146 {The position is equal.} ({Predecessor:} 10. Qc2 Be7 11. Be2 O-O 12. O-O cxd4 13. Nxd4 Nd5 14. Bg3 Bf6 15. Rfd1 Bd7 {½-½ (42) Fomichenko,S (2269)-Bagrationi,A (2252) Anapa 2008}) 10... cxd4 11. Qxb6 axb6 12. Nxd4 Bc5 13. Nb3 Nd5 14. Nxc5 Nxf4 15. Nd3 Nxd3+ 16. Bxd3 Bd7 17. Be4 Bc6 18. Bxc6+ bxc6 $11 {[%mdl 4096] Endgame KRR-KRR} 19. Ke2 Ke7 20. Rhd1 Ra4 21. Rd3 Rha8 22. a3 R8a5 23. Rad1 Re5+ 24. Kf1 Rd5 25. Rxd5 cxd5 {KR-KR} 26. Rd4 b5 27. Rb4 Ra5 28. Ke2 Kd6 29. Kd3 e5 30. f3 Kc6 31. Kc2 Ra6 32. Rg4 g6 33. Rb4 Kc5 34. Kb3 (34. Rh4 $15) 34... f5 $17 35. Rh4 (35. Kc2 $17) 35... h5 36. Kc2 e4 37. Rf4 Kd6 38. h4 (38. Rh4 $17 {only move.}) 38... Ke5 $19 39. g3 Rd6 40. Kd2 {[#]} d4 $1 {[%cal Rd4c3]} 41. cxd4+ $2 (41. fxe4 fxe4 42. Rf8) 41... Rxd4+ 42. Ke2 Rd3 43. fxe4 fxe4 44. Kf2 $2 (44. Rf7 Rxg3 45. Rg7) 44... Rb3 45. Rf8 Rxb2+ 46. Ke3 (46. Kf1 $142 Rb3 47. Rb8) 46... Rb3+ {[%mdl 64] [#] Double Attack} 47. Kf2 Rxa3 48. Re8+ Kd5 49. Rd8+ Kc4 50. Rd6 b4 {[%cal Bb5b4,Bb4b3,Bb3b2][%mdl 32]} 51. Rxg6 b3 {Black mates.} 52. Rb6 Ra5 53. Ke3 Rb5 54. Rc6+ Kb4 55. Rc1 b2 56. Rb1 Kc3 57. Kxe4 Kc2 58. Rxb2+ {Accuracy: White = 26%, Black = 77%.} 0-1

[Event "BL 2018-19"]
[Site "Berlin"]
[Date "2019.04.06"]
[Round "14.13"]
[White "Keymer, Vincent"]
[Black "Harff, Marcel"]
[Result "1-0"]
[WhiteElo "2502"]
[BlackElo "2411"]
[Annotator "TA"]
[PlyCount "53"]
[EventDate "2018.11.10"]
[EventType "team-tourn"]
[EventCountry "GER"]
[SourceTitle "playchess.com"]
[Source "ChessBase"]
[SourceQuality "1"]
[WhiteTeam "SF Deizisau"]
[BlackTeam "Duesseldorf"]

{[%evp 10,53,5,12,39,4,4,0,8,-6,-6,0,0,8,16,9,46,60,74,52,140,133,145,136,149,138,282,300,437,440,722,694,849,699,29990,671,663,661,2302,1989,1808,1752,29989,29990,29995,29996]} 1. d4 Nf6 2. c4 e6 3. Nf3 b6 4. g3 Ba6 5. Nbd2 d5 6. Bg2 Bd6 {E15: Queen's Indian: 4 g3 sidelines, 4 g3 Ba6 and 4 g3 Bb7 early deviations} (6... Be7 7. O-O O-O 8. Ne5 c5 9. Nb3 Bb7 10. dxc5 bxc5 11. Bg5 Na6 12. Qd2 Rc8 13. Rac1 Qc7 14. Bxf6 Bxf6 15. Ng4 Be7 16. cxd5 exd5 {½-½ (50) Nakamura,H (2769)-Karjakin,S (2780) Wijk aan Zee 2013}) 7. Ne5 O-O 8. O-O c5 {The position is equal.} 9. cxd5 exd5 10. Ndf3 h6 $146 ({Predecessor:} 10... Re8 11. Nd3 Nc6 12. Be3 c4 13. Nf4 b5 14. Qc2 h6 {0-1 (32) Laxman,R (2444)-Ghosh,D (2536) Bhubaneswar 2018}) 11. b3 Bb7 12. Bb2 Ne4 13. Nh4 Qc8 14. dxc5 Bxc5 (14... Bxe5 $1 $14 15. Bxe5 Re8) 15. Rc1 {[#] Black must now prevent b4!} Na6 16. Nd3 {Hoping for b4!} Qd7 17. Nxc5 {[%mdl 64] Overworked Piece} Naxc5 (17... Nexc5 $16 18. e3 Rad8) 18. b4 $18 Na4 {[#]} (18... Qb5 {keeps fighting.} 19. Bxg7 (19. bxc5 Qxb2 20. c6 Ba6 $16) 19... Kxg7) 19. Bxg7 $1 {[%mdl 512]} Kxg7 (19... d4 $142 20. Qxd4 Qxd4 21. Bxd4 Rad8) 20. Bxe4 $1 {[%mdl 64] Pin} Kg8 21. Bf5 Qb5 22. Qd4 (22. Qd2 $142 Kg7 23. Rc7 Qc6 24. Rxc6 Bxc6 25. Qd4+ Kg8 26. Qf6 {[%mdl 64] Double Attack} Nc3 27. Ng6) 22... Qxe2 23. Bc2 b5 24. Rfe1 {White threatens Qf6 and mate.} Qh5 25. Re5 f5 26. Nxf5 Qh3 27. Re7 {Accuracy: White = 84%, Black = 18%.} 1-0

[Event "BL 2018-19"]
[Site "Berlin"]
[Date "2019.04.06"]
[Round "14.13"]
[White "Schreiner, Peter"]
[Black "Hector, Jonny"]
[Result "1/2-1/2"]
[WhiteElo "2480"]
[BlackElo "2495"]
[Annotator "TA"]
[PlyCount "133"]
[EventDate "2018.11.10"]
[EventType "team-tourn"]
[EventCountry "GER"]
[SourceTitle "playchess.com"]
[Source "ChessBase"]
[SourceQuality "1"]
[WhiteTeam "SF Berlin"]
[BlackTeam "Kiel"]

{[%evp 23,133,25,25,0,38,35,36,44,65,32,41,34,39,45,44,32,58,16,9,4,10,0,0,0,43,26,72,5,43,0,7,0,8,6,8,8,8,13,9,5,7,0,0,0,0,0,0,0,11,7,7,11,47,40,28,0,8,16,25,25,110,98,102,100,217,202,216,50,33,33,34,38,50,9,9,9,18,8,8,8,10,0,0,0,0,0,0,0,0,0,0,0,0,0,0,0,0,0,0,0,0,0,0,0,0,0,0,0,0,0,0,0]} 1. d4 d5 2. c4 c6 3. Nf3 Nf6 4. e3 Bf5 5. Nc3 e6 6. Nh4 Be4 7. f3 Bg6 8. Qb3 Qb6 9. Nxg6 hxg6 10. Bd2 {D12: Slav Defence: 3 Nf3 Nf6 4 e3 Bf5} Nbd7 11. g3 Be7 12. O-O-O (12. Kf2 g5 13. Kg2 Rd8 14. Qxb6 axb6 15. a4 O-O 16. cxd5 exd5 17. Bd3 g4 {1-0 (54) Ding,L (2812)-Mamedov,R (2701) Astana 2019}) 12... g5 {LiveBook: 4 Games} 13. Bg2 $146 ({Predecessor:} 13. g4 Qc7 14. cxd5 exd5 15. Kb1 Nb6 16. a4 a5 17. h3 Bb4 {0-1 (80) Hillarp Persson,T (2546)-Hector,J (2539) Malmo 2012}) 13... Rc8 14. Kb1 Qxb3 15. axb3 a6 16. e4 dxe4 17. Bxg5 exf3 18. Bxf3 Bd6 19. Ne2 Kf8 20. Rdf1 e5 21. dxe5 Bxe5 22. h4 Nc5 23. Kc2 Ne6 24. Be3 Rd8 25. Rd1 (25. g4 $16) 25... Ke7 26. b4 g6 27. b3 Nh5 28. g4 {Threatens to win with Rxd8.} Ng3 29. Nxg3 Bxg3 30. h5 Rxd1 31. Rxd1 Bd6 32. c5 Bf4 33. Bf2 Be5 34. Re1 Kf6 35. Rd1 Nc7 36. Be3 gxh5 37. gxh5 Ke6 38. h6 f5 39. Re1 Nb5 40. Rh1 Rd8 41. Be2 Nc7 (41... Nd4+ $11 {remains equal.} 42. Bxd4 Bxd4) 42. h7 $16 Nd5 43. Bc4 Kf7 {[#]} (43... Rh8 $16 44. Rh6+ Kf7 45. Bxd5+ cxd5) 44. Rh5 $1 $18 Bg7 {[#]} 45. Bxd5+ $2 ({Don't play} 45. Rxf5+ $6 Kg6 $14) (45. Rg5 $1 $18) 45... cxd5 $14 {[%cal Bc6d5,Bd5d4][%mdl 32]} 46. Rxf5+ $18 {[%mdl 4096] Endgame KRB-KRB} Kg6 47. Rf3 d4 48. Bf2 {Threatening Kd3.} (48. Bc1 {looks sharper.} Kxh7 49. Kd3 Kg6 50. Bb2 Bh8 51. Rf1) 48... Kxh7 {The position is equal.} 49. Kd3 {And now Rf7 would win.} Kg6 50. Rg3+ Kf7 51. Rg4 {[%cal Rf2d4]} Rd7 $1 52. Bxd4 Bxd4 53. Rxd4 $11 {KR-KR} Ke6 54. Kc4 {Strongly threatening Rxd7.} Rxd4+ 55. Kxd4 {K3P-KPP} Kd7 $1 56. Kc3 Kc7 $1 57. Kd3 Kd7 $1 58. Kc3 Kc7 $1 59. Kb2 Kc6 60. Ka2 b6 (60... Kb5 $5 61. Ka3 $8 Kc6 $11) 61. cxb6 Kxb6 {KPP-KP} 62. Kb2 Kb5 63. Kc3 Kb6 64. Kb2 Kc6 65. Kc2 Kb5 66. Kc3 Kb6 67. Kc4 {Precision: White = 54%, Black = 63%.} 1/2-1/2

[Event "BL 2018-19"]
[Site "Berlin"]
[Date "2019.04.06"]
[Round "14.14"]
[White "Pakleza, Zbigniew"]
[Black "Abel, Dennes"]
[Result "1-0"]
[WhiteElo "2508"]
[BlackElo "2465"]
[Annotator "TA"]
[PlyCount "53"]
[EventDate "2018.11.10"]
[EventType "team-tourn"]
[EventCountry "GER"]
[SourceTitle "playchess.com"]
[Source "ChessBase"]
[SourceQuality "1"]
[WhiteTeam "Kiel"]
[BlackTeam "SF Berlin"]

{[%evp 17,53,13,70,58,57,79,176,87,244,187,320,183,183,172,178,199,202,166,311,314,298,295,377,395,340,272,494,469,592,595,563,550,1027,666,650,459,456,459]} 1. c4 c6 2. Nf3 d5 3. e3 Nf6 4. Nc3 e6 5. d4 Nbd7 6. Qc2 b6 7. cxd5 exd5 8. Bd3 Bb7 9. O-O Bd6 (9... Be7 $11) 10. e4 $14 {D45: Semi-Slav: 5 e3} dxe4 11. Nxe4 Be7 {[#]} (11... Nxe4 $16 12. Bxe4 Qc7) (11... Nxe4 12. Bxe4 Qc7 13. Re1 O-O-O 14. Bg5 f6 15. Bh4 Kb8 16. Rac1 Rc8 17. Bf5 Rcd8 {1-0 (40) Harikrishna,P (2659)-Kabatianski,A (2436) Germany 2009}) 12. Bg5 (12. Neg5 $1 $18 {is more deadly.}) 12... g6 $146 (12... O-O $16) ({Predecessor:} 12... h6 13. Bxf6 Nxf6 14. Nxf6+ Bxf6 15. Rfe1+ Kf8 16. Rad1 g5 17. Bc4 Kg7 {½-½ (41) Krogh,P (1922)-Rostgaard,T (2114) Borup 2010}) 13. Bh6 {Rfe1 is the strong threat.} Ng4 (13... Qc7 {was necessary.} 14. Rae1 O-O-O) 14. Bg7 (14. Qd2 $142) 14... Rg8 $18 15. Be5 $36 {[%mdl 2048] White is on the roll.} Ndxe5 16. dxe5 ({Don't do} 16. Nxe5 $6 Nxe5 17. dxe5 Qc7 $16) 16... Qc7 17. Nd6+ Bxd6 (17... Kf8 {keeps fighting.}) 18. exd6 Qxd6 19. Rad1 Qf6 20. Bc4 Bc8 21. Qd2 g5 $2 (21... Kf8 {might work better.} 22. h3 Kg7) 22. Qb4 {White is clearly winning.} Qe7 23. Rfe1 {[%csl Ge1][%cal Rb4e7]} Be6 24. Qc3 Nf6 25. Bxe6 fxe6 26. Qxc6+ Kf7 {[#]} 27. Nxg5+ $1 {[%mdl 512] Accuracy: White = 51%, Black = 18%.} 1-0

[Event "BL 2018-19"]
[Site "Berlin"]
[Date "2019.04.06"]
[Round "14.14"]
[White "Kohlweyer, Bernd"]
[Black "Donchenko, Alexander"]
[Result "0-1"]
[WhiteElo "2342"]
[BlackElo "2607"]
[Annotator "TA"]
[PlyCount "80"]
[EventDate "2018.11.10"]
[EventType "team-tourn"]
[EventCountry "GER"]
[SourceTitle "playchess.com"]
[Source "ChessBase"]
[SourceQuality "1"]
[WhiteTeam "Duesseldorf"]
[BlackTeam "SF Deizisau"]

{[%evp 10,80,15,6,42,43,31,9,12,7,1,9,2,5,12,17,16,9,0,5,3,0,5,-14,0,0,0,0,7,0,2,7,0,0,0,0,0,-68,-60,-48,0,-16,-27,-12,0,0,-1,-36,0,0,0,-1,-21,-56,-24,-109,-117,-178,-187,-196,-33,-52,0,-147,-172,-545,-538,-788,-807,-1230,-1157,-2603,-2314]} 1. d4 Nf6 2. c4 e6 3. Nf3 Bb4+ 4. Nbd2 O-O 5. a3 Be7 6. e4 d6 {E11: Bogo-Indian} (6... d5 7. e5 Nfd7 8. Bd3 c5 9. h4 g6 10. O-O Nc6 11. Nb3 dxc4 12. Bxc4 cxd4 13. Re1 a5 14. Bh6 Re8 15. Rc1 Nb6 {1-0 (39) Ding,L (2804)-Saric,I (2689) Batumi 2018}) 7. Be2 Nfd7 8. Nb1 e5 {The position is equal.} 9. d5 Nc5 10. Nc3 f5 $146 ({Predecessor:} 10... a5 11. Be3 Bg4 12. Bxc5 Bxf3 13. Bxd6 Bxg2 14. Bxe7 Qxe7 15. Rg1 Bh3 16. Qd2 Na6 17. Qh6 {1-0 (17) Potkin,V (2588)-Usmanov,V (2443) Minsk 2017}) 11. exf5 Bxf5 12. Be3 Nbd7 13. b4 Ne4 14. Nxe4 Bxe4 15. O-O Bf5 16. h3 Qe8 17. Nh2 Nf6 18. Kh1 Kh8 19. Bd3 Bd7 20. Rc1 c6 21. dxc6 bxc6 22. Bb1 a5 23. Nf3 (23. Re1 $11) 23... axb4 24. axb4 Qh5 (24... e4 $5 {[%cal Re4f3]} 25. Nd4 Ra3 $15) 25. Nh2 Qf7 26. Nf3 Qh5 27. Nh2 Rab8 28. Bd2 Qf7 29. Nf3 Qh5 30. Nh2 d5 31. c5 Bd8 32. Kg1 {[#]} (32. Qxh5 $11 Nxh5 33. Bc2) 32... Qe8 $1 $17 33. f4 (33. Qe1 $17) 33... e4 $19 34. Qe1 d4 $2 (34... Ra8 $19 {And now ...Bc7 would win.} 35. Qe3 Bc7) 35. Rc4 $1 $15 {[%cal Rc4d4]} d3 (35... e3 $1 $15 36. Bc1 Nd5 37. Rxd4 Bf6) 36. g4 (36. f5 $1 $11 {keeps the balance.}) 36... Bc7 $36 {[%mdl 2048] Black is in control.} 37. g5 $2 (37. Rd4 {is a better chance.}) 37... Bxh3 $19 {Black is clearly winning.} 38. Qe3 Qh5 39. gxf6 Rxf6 {[#] ( -> ...Rg6+)} 40. Qxe4 Rg6+ {Accuracy: White = 38%, Black = 65%.} 0-1

[Event "BL 2018-19"]
[Site "Berlin"]
[Date "2019.04.06"]
[Round "14.15"]
[White "Heimann, Andreas"]
[Black "Hainke, Guntram"]
[Result "1/2-1/2"]
[WhiteElo "2601"]
[BlackElo "2344"]
[Annotator "ChessBase"]
[PlyCount "83"]
[EventDate "2018.11.10"]
[EventType "team-tourn"]
[EventCountry "GER"]
[SourceTitle "playchess.com"]
[Source "ChessBase"]
[SourceQuality "1"]
[WhiteTeam "SF Deizisau"]
[BlackTeam "Duesseldorf"]
[TimeControl "40/6000+30:3000+30"]

1. c4 {[%emt 0:00:00]} c6 {[%emt 0:00:00]} 2. d4 {[%emt 0:00:00]} d5 {[%emt 0:00:00]} 3. Nf3 {[%emt 0:00:00]} Nf6 {[%emt 0:00:10]} 4. Nc3 {[%emt 0:00:00]} e6 {[%emt 0:00:28]} 5. e3 {[%emt 0:07:03]} a6 {[%emt 0:00:27]} 6. c5 {[%emt 0:08:49]} Nbd7 {[%emt 0:11:01]} 7. b4 {[%emt 0:05:55]} g6 {[%emt 0:10:40]} 8. Bd3 {[%emt 0:14:50]} Bg7 {[%emt 0:00:24]} 9. Bb2 {[%emt 0:03:56]} O-O {[%emt 0:02:32]} 10. h3 {[%emt 0:03:07]} Re8 {[%emt 0:05:08]} 11. Na4 {[%emt 0:01:50]} Ne4 {[%emt 0:07:22]} 12. Bxe4 {[%emt 0:07:16]} dxe4 {[%emt 0:00:07]} 13. Nd2 {[%emt 0:00:03]} f5 {[%emt 0:19:04]} 14. Nc4 {[%emt 0:00:40]} Rb8 {[%emt 0:02:29]} 15. Qb3 {[%emt 0:02:26]} Re7 {[%emt 0:04:36]} 16. O-O-O {[%emt 0:01:36]} Nf6 {[%emt 0:00:30]} 17. f3 {[%emt 0:00:27]} Bd7 {[%emt 0:05:04]} 18. Nd6 {[%emt 0:03:36]} Be8 {[%emt 0:04:49]} 19. Nb6 {[%emt 0:01:38]} Nd5 {[%emt 0:02:35]} 20. Nbc4 {[%emt 0:00:54]} b6 {[%emt 0:05:23]} 21. fxe4 {[%emt 0:07:43]} fxe4 {[%emt 0:00:32]} 22. Nxe4 {[%emt 0:01:22]} bxc5 {[%emt 0:03:00]} 23. dxc5 {[%emt 0:00:20]} Reb7 {[%emt 0:05:19]} 24. Nb6 {[%emt 0:02:52]} Qh4 {[%emt 0:01:16]} 25. Nd6 {[%emt 0:01:58]} Bxb2+ {[%emt 0:04:52]} 26. Kxb2 {[%emt 0:02:24]} Nxb6 {[%emt 0:04:00]} 27. cxb6 {[%emt 0:06:40]} Qf6+ {[%emt 0:02:56]} 28. Qc3 {[%emt 0:02:25]} Qxc3+ {[%emt 0:00:15]} 29. Kxc3 {[%emt 0:00:05]} Rxb6 {[%emt 0:00:05]} 30. Rhf1 {[%emt 0:01:10]} g5 {[%emt 0:02:20]} 31. Ne4 {[%emt 0:11:00]} Rb5 {[%emt 0:01:59]} 32. Nf6+ {[%emt 0:05:15]} Kg7 {[%emt 0:01:50]} 33. Nxe8+ {[%emt 0:03:53]} Rxe8 {[%emt 0:00:06]} 34. Rd7+ {[%emt 0:00:02]} Kg6 {[%emt 0:00:27]} 35. g4 {[%emt 0:02:43]} c5 {[%emt 0:00:20]} 36. bxc5 {[%emt 0:01:15]} Rc8 {[%emt 0:00:34]} 37. Rd6 {[%emt 0:01:57]} Rcxc5+ {[%emt 0:00:12]} 38. Kd4 {[%emt 0:00:04]} Rd5+ {[%emt 0:00:14]} 39. Rxd5 {[%emt 0:00:03]} Rxd5+ {[%emt 0:00:09]} 40. Kc4 {[%emt 0:00:33]} Ra5 {[%emt 0:00:25]} 41. Rf2 {[%emt 0:50:20]} h5 {[%emt 0:56:14]} 42. Kd4 {[%emt 0:00:00]} 1/2-1/2

[Event "BL 2018-19"]
[Site "Berlin"]
[Date "2019.04.06"]
[Round "14.15"]
[White "Blohberger, Felix"]
[Black "Hoi, Carsten"]
[Result "1-0"]
[WhiteElo "2434"]
[BlackElo "2380"]
[Annotator "TA"]
[PlyCount "141"]
[EventDate "2018.11.10"]
[EventType "team-tourn"]
[EventCountry "GER"]
[SourceTitle "playchess.com"]
[Source "ChessBase"]
[SourceQuality "1"]
[WhiteTeam "SF Berlin"]
[BlackTeam "Kiel"]

{[%evp 16,141,33,33,33,27,64,69,64,56,61,57,68,52,107,84,117,53,61,37,54,38,52,18,41,47,65,30,50,52,79,31,35,18,53,37,56,40,29,0,4,21,77,77,82,70,56,56,69,76,82,56,56,56,56,56,64,64,63,62,56,55,57,56,55,0,90,70,75,72,91,90,147,151,150,144,193,186,186,186,195,209,276,90,90,90,232,90,109,89,123,61,204,200,196,192,194,189,182,90,210,208,217,184,244,237,251,145,144,145,135,130,158,139,137,144,277,277,441,440,434,432,415,390,581,347,571,508]} 1. e4 e6 2. d4 d5 3. Nd2 Nf6 4. e5 Nfd7 5. Bd3 c5 6. c3 b6 7. Nh3 Ba6 8. Bxa6 Nxa6 9. O-O Be7 {C06: French Tarrasch: 3...Nf6 4 e5 Nfd7 5 Bd3 main lines} (9... Nc7 10. Qg4 c4 11. Nf4 b5 12. b3 g6 13. a4 a6 14. h4 h5 15. Qh3 Be7 16. bxc4 bxc4 17. Nf3 Rb8 {1-0 (59) Efimenko,Z (2689)-Socko,B (2635) Lublin 2012}) 10. Qg4 g6 11. Qe2 Nc7 {White is slightly better.} 12. Nf3 h6 13. Nf4 $146 ({Predecessor:} 13. Be3 Kf8 14. Nf4 c4 15. g3 b5 16. Qd2 Kg7 17. h4 {½-½ (80) Wittmann,W (2400)-Priehoda,V (2440) Bad Woerishofen 1993}) 13... Qc8 14. Be3 Qa6 (14... Kf8 $14) 15. Qd2 O-O-O 16. Nd3 (16. Rfb1 $16) 16... g5 $14 17. a4 c4 18. Nb4 Qb7 $1 19. Qc2 Kb8 20. Na2 Ka8 21. Nc1 Rc8 22. Ne2 Nb8 23. Ng3 Ne8 24. Nh5 f5 25. exf6 $1 Nxf6 26. Nxf6 Bxf6 27. Rae1 Nc6 28. Qg6 Qg7 (28... Rcf8 $11 {remains equal.}) 29. Qxg7 $16 Bxg7 30. h4 g4 31. Nh2 h5 32. Bf4 Rce8 33. Re3 Bh6 34. Bxh6 Rxh6 35. Rfe1 Kb7 36. f3 gxf3 37. Nxf3 Kc7 38. Ng5 {[%cal Rg5e6]} Kd7 39. Rf1 Re7 40. Rf8 (40. g3 $14) 40... Nd8 (40... e5 $11 {keeps the balance.}) 41. Ref3 Nc6 42. R3f7 Rxf7 43. Rxf7+ {[%mdl 4096] Endgame KRN-KRN} Ne7 (43... Ke8 $142) 44. Nf3 Ke8 45. Ne5 a6 46. Kh2 $1 b5 47. a5 Nc6 {Strongly threatening ...Nxe5.} 48. Rb7 Nxa5 49. Ra7 $2 (49. Rb8+ $1 $18 Ke7 50. Ra8) 49... Nb3 50. Rxa6 Rf6 (50... Nd2 $16 {keeps fighting.}) 51. Rb6 (51. g4 $18 {and the rest is easy.}) 51... Nd2 52. Rxb5 Nf1+ 53. Kg1 (53. Kh3 $16) 53... Nd2 (53... Ne3 $14) 54. Rb8+ $18 Ke7 55. Rb7+ Ke8 56. Rh7 Rf5 57. Kh2 (57. Nc6 $18 {has better winning chances.}) 57... Nf1+ (57... Ne4 $16) 58. Kh3 Ne3 59. Nf3 Nd1 (59... Ng4 $142 60. Ng5 Nf6) 60. Ng5 Nf2+ {[#]} 61. Kg3 (61. Kh2 $1 $18) 61... Ne4+ $16 62. Nxe4 dxe4 {[#] KR-KR} 63. Ra7 $1 Rb5 64. Ra2 Rf5 65. Ra1 Kf7 (65... Rb5 $16 66. Rb1 Rb7) 66. Re1 $18 Kf6 (66... Rb5 $142 67. Re2 (67. Rxe4 Rxb2 68. Re3 Rb5 $16) 67... Ke7) 67. Rxe4 {Hoping for Rf4.} Rb5 68. Re2 Kf5 69. Kf3 Rb6 (69... Kf6 {is a better defense.} 70. g4 hxg4+ 71. Kxg4 Rf5) 70. g3 Rb7 $2 (70... Kf6 {was worth a try.} 71. g4 hxg4+ 72. Kxg4 Rb5) 71. Re5+ {Accuracy: White = 59%, Black = 38%.} 1-0